La evaluación de los aprendizajes en el debate didáctico contemporáneo /

Detalles Bibliográficos
Autor principal: Camilloni, Alicia R.W. De
Otros Autores: Celman, Susana, Litwin, Edith, Mate, M. Del Carmen Palou De
Formato: Libro
Publicado: Buenos Aires : Paidós, 1998.
Colección:Paidós Educador; no 129
Materias:
Etiquetas: Agregar Etiqueta
Sin Etiquetas, Sea el primero en etiquetar este registro!

MARC

LEADER 00000nam a22000004a 4500
001 AR-BbUGT3651
003 AR-BbUGT
005 20181220001759.0
007 ta
008 061101t1998 ||| |0|||0| d
020 |a 950-12-2129-6 
040 |a AR-BbUGT  |b spa  |c AR-BbUGT 
082 0 4 |a 371.27 
100 1 |a Camilloni, Alicia R.W. De. 
245 1 3 |a La evaluación de los aprendizajes en el debate didáctico contemporáneo /   |c Alicia R.W. de Camilloni ; Susana Celman ; Edith Litwin ; M. del Carmen Palou de Maté. 
260 |a Buenos Aires :   |b Paidós,   |c 1998. 
300 |a 176 p. 
490 1 |a Paidós Educador;   |v no 129 
504 |a Bibliografía: al final de cada capítulo. 
653 |a Evaluación 
653 |a Ensenanza 
653 |a Aprendizaje 
700 1 |a Celman, Susana. 
700 1 |a Litwin, Edith. 
700 1 |a Mate, M. Del Carmen Palou De. 
830 0 |a Paidós Educador;   |v no 129 
942 |c BK  |h 371.27  |i EV13  |2 ddc  |6 371_270000000000000_EV13 
999 |c 11002  |d 11002